Revista nacional de arquitectura. (Record no. 1968)

MARC details
000 -LEADER
campo de control de longitud fija 01318nas a2200313 i 4500
001 - NÚMERO DE CONTROL
campo de control 1968
003 - IDENTIFICADOR DE NÚMERO DE CONTROL
campo de control ES-MaACL
005 - FECHA Y HORA DE LA ÚLTIMA TRANSACCIÓN
campo de control 20250217134441.0
008 - DATOS DE LONGITUD FIJA--INFORMACIÓN GENERAL
campo de control de longitud fija 950801d19411958sp m| p | 1 ||pa d
022 ## - NÚMERO INTERNACIONAL NORMALIZADO PARA PUBLICACIONES SERIADAS
Número Internacional Normalizado para Publicaciones Seriadas 0211-3376
040 ## - FUENTE DE CATALOGACIÓN
Centro catalogador/agencia de origen ES-MaACL
080 ## - NÚMERO DE LA CLASIFICACIÓN DECIMAL UNIVERSAL
Número de la Clasificación Decimal Universal 72
245 00 - MENCIÓN DEL TÍTULO
Título Revista nacional de arquitectura.
260 ## - PUBLICACIÓN, DISTRIBUCIÓN, ETC.
Lugar de publicación, distribución, etc. Madrid :
Nombre del editor, distribuidor, etc. Dirección General de Arquitectura, Ministerio de la Gobernación,
Fecha de publicación, distribución, etc. 1941-1958.
300 ## - DESCRIPCIÓN FÍSICA
Extensión 3 v. ;
Dimensiones 33 cm.
310 ## - PERIODICIDAD ACTUAL
Periodicidad actual Mensual
362 0# - FECHAS DE PUBLICACIÓN Y/O DESIGNACIÓN SECUENCIAL
Fecha de publicación y/o designación secuencial Año 1, n. 1 (1941)-n. 204 (dic. 1958)
550 ## - NOTA DE ENTIDAD RESPONSABLE
Nota de entidad responsable Edita (1941-jul. 1946): Dirección General de Arquitectura; (ag. 1946-dic. 1958): Colegio Oficial de Arquitectos de Madrid.
650 14 - PUNTO DE ACCESO ADICIONAL DE MATERIA--TÉRMINO DE MATERIA
Término de materia o nombre geográfico como elemento de entrada Arquitectura
9 (RLIN) 9986
710 1# - ENTRADA AGREGADA--NOMBRE DE ENTIDAD CORPORATIVA
Nombre de entidad corporativa o nombre de jurisdicción como elemento de entrada España. Dirección General de Arquitectura.
9 (RLIN) 3702
710 2# - ENTRADA AGREGADA--NOMBRE DE ENTIDAD CORPORATIVA
Nombre de entidad corporativa o nombre de jurisdicción como elemento de entrada Colegio Oficial de Arquitectos de Madrid.
9 (RLIN) 2958
780 00 - ENLACE A UN TÍTULO/ENTRADA ANTERIOR
Título Arquitectura :órgano de la Sociedad Central de Arquitectos
Número Internacional Normalizado para Publicaciones Seriadas ISSN 0211-3384
Número de control del registro (SpMaBN)193443
785 00 - ENTRADA/ENLACE A UN TÍTULO POSTERIOR
Título Arquitectura : Revista del Colegio Oficial de Arquitectos de Madrid ( COAM )
Número Internacional Normalizado para Publicaciones Seriadas ISSN 0004-2706
852 ## - LOCALIZACIÓN
Ubicación ES-MaACL
Número de control de estantería HEM-A-3
Signatura antigua Olim: Hem-1160
856 ## - LOCALIZACIÓN Y ACCESO ELECTRÓNICOS
Materiales especificados (1918-2018)
Identificador Uniforme de Recursos <a href="https://www.coam.org/es/fundacion/biblioteca/revista-arquitectura-100-anios">https://www.coam.org/es/fundacion/biblioteca/revista-arquitectura-100-anios</a>
Nota pública Revista Arquitectura 100 años
866 #0 - MENCIÓN TEXTUAL DE FONDOS--UNIDAD BIBLIOGRÁFICA BÁSICA
Fondos (1942),1946-48.
942 ## - ELEMENTOS DE ENTRADA SECUNDARIOS (KOHA)
Fuente del sistema de clasificación o colocación Clasificación decimal universal
955 ## - CATALOGADOR - EDICIÓN
Nombre de catalogador Orex Digital
Holdings
Estatus retirado Estado de pérdida Fuente del sistema de clasificación o colocación Estado de daño No para préstamo Colección Biblioteca de origen Biblioteca actual Ubicación en estantería Fecha de adquisición Total de préstamos Signatura topográfica completa Código de barras Visto por última vez Precio de reemplazo Tipo de ítem Koha
    Clasificación decimal universal     Periódicos y Revistas Biblioteca del Ateneo de Madrid Biblioteca del Ateneo de Madrid Depósito 1 17/01/2008   HEM-A-3 1002007 23/02/2023 23/02/2023 Revista